[Event "Hattrick"]
[Site "http://www.queenalice.com/game.php?id=77228"]
[Date "2006.6.16"]
[Round "-"]
[White "Batoteiro"]
[Black "hulk"]
[Result "0-1"]
[WhiteElo "1000"]
[BlackElo "1556"]

1. e4 e5 2. d4 Bd6 3. Nf3 Nf6 4. dxe5 Nxe4 5. Nc3 Bb4 6. Qd4 Nxc3 7. Qxb4 Nd5 8.
Bc4 Nxb4 9. Kd1 N8c6 10. c3 d5 11. Bg5 Qd7 12. cxb4 dxc4+ 13. Ke2 Nxb4 14. Rhd1
Qb5 15. Nd4 Qxe5+ 16. Kf1 Qxg5 17. Re1+ Kd8 18. a3 Nd3 19. Re2 Qf6 20. Re4 Qxf2#
0-1

[Event "Let's Play Chess!"]
[Site "http://www.queenalice.com/game.php?id=81184"]
[Date "2006.6.30"]
[Round "-"]
[White "Marcelo_Araujo"]
[Black "hulk"]
[Result "0-1"]
[WhiteElo "1571"]
[BlackElo "1548"]

1. d4 e6 2. e4 Bb4+ 3. Bd2 Bxd2+ 4. Nxd2 Nc6 5. Ngf3 Nh6 6. Qe2 O-O 7. O-O-O d5
8. Ne5 Nxd4 9. Ndf3 Nxe2+ 10. Bxe2 c5 11. c4 f6 12. Nd3 dxc4 13. Nxc5 Qa5 14.
Nxe6 Bxe6 15. a3 Rfc8 16. Rd4 c3 17. Rd6 Ba2 18. Rhd1 cxb2+ 19. Kxb2 Qc3+ 20.
Kxa2 Qc2+ 21. Ka1 Qxe2 22. Rd7 Rc2 23. R7d2 Qxe4 24. Nd4 Rxd2 25. Rxd2 Qe1+ 26.
Kb2 Qxd2+ 27. Nc2 Qxf2 28. Kc3 Rc8+ 29. Kb4 Qxc2 30. g4 Qc4+ 31. Ka5 Rc5# 0-1

[Event "Let's Play Chess!"]
[Site "http://www.queenalice.com/game.php?id=81260"]
[Date "2006.6.30"]
[Round "-"]
[White "hulk"]
[Black "mgalmeidas"]
[Result "0-1"]
[WhiteElo "1558"]
[BlackElo "1671"]

1. e4 e5 2. Nf3 Nc6 3. Bc4 Nd4 4. Nxe5 Qg5 5. Nxf7 Qxg2 6. Rf1 Qxe4+ 7. Qe2 Nxe2
8. Bxe2 Kxf7 9. Nc3 Qxc2 10. Bc4+ Ke8 11. Ke2 d6 12. b3 Qf5 13. Bb2 Qh5+ 14. Ke1
Bf5 15. Nb5 Kd7 16. d3 Re8+ 17. Kd2 Re2+ 18. Kc3 Qh6 19. Rfd1 Rxf2 0-1

[Event "CUJAE"]
[Site "http://www.queenalice.com/game.php?id=86138"]
[Date "2006.7.15"]
[Round "-"]
[White "Hades"]
[Black "hulk"]
[Result "1-0"]
[WhiteElo "1648"]
[BlackElo "1579"]

1. e4 e5 2. d3 Bc5 3. Nf3 Nf6 4. h3 O-O 5. Nxe5 d5 6. Be2 Na6 7. O-O dxe4 8.
dxe4 Bd6 9. Bxa6 bxa6 10. Nc4 Nxe4 11. Qf3 Bb7 12. Qd3 Nc5 13. Qd1 Qe7 14. Re1
Ne4 15. Nxd6 cxd6 16. f3 Qh4 17. fxe4 Bxe4 18. Nc3 Bc6 19. b3 Qf6 20. Bb2 Qg6
21. Nd5 Rae8 22. c4 Qg3 23. a4 Bd7 24. Rxe8 Rxe8 25. Qf3 Re1+ 26. Rxe1 Qxe1+ 27.
Kh2 f6 28. Bd4 Qb1 29. Bxa7 Bf5 30. Ne7+ Kf7 31. Nxf5 Qe1 32. Nxd6+ Ke6 33. Qd5+
Kd7 34. Nf5+ Ke8 35. Qc6+ Kf7 36. Qd7+ Kg6 37. Ne7+ Kg5 38. Qg4+ 1-0

[Event "Challenge"]
[Site "http://www.queenalice.com/game.php?id=86153"]
[Date "2006.7.15"]
[Round "-"]
[White "Danilo"]
[Black "hulk"]
[Result "0-1"]
[WhiteElo "1505"]
[BlackElo "1565"]

1. e4 e5 2. d3 d6 3. d4 Nf6 4. dxe5 Nxe4 5. exd6 Qf6 6. f3 Nxd6 7. c3 Nc4 8.
Qa4+ Bd7 9. Qxc4 Qe5+ 10. Be2 Bb5 11. Qxb5+ Qxb5 12. Bxb5+ c6 13. Bc4 Bc5 14.
Bf4 O-O 15. Bxb8 Re8+ 16. Kd1 Raxb8 17. b4 Rbd8+ 18. Kc2 b5 19. Bb3 Be3 20. Nh3
Re7 21. Re1 Rde8 22. a4 c5 23. bxc5 Bxc5 24. Rxe7 Rxe7 25. axb5 Re2+ 0-1

[Event "Challenge"]
[Site "http://www.queenalice.com/game.php?id=96973"]
[Date "2006.8.18"]
[Round "-"]
[White "RobertD"]
[Black "hulk"]
[Result "1-0"]
[WhiteElo "1646"]
[BlackElo "1577"]

1. c4 e5 2. d4 e4 3. Nc3 Nf6 4. Qc2 Qe7 5. Bg5 Nc6 6. Nd5 Nxd4 7. Qd2 Qe5 8. Bf4
e3 9. Bxe5 exd2+ 10. Kxd2 Ne4+ 11. Ke3 Nc2+ 12. Kxe4 Nxa1 13. Nxc7+ Kd8 14. Nxa8
Bc5 15. Bc7+ Ke8 16. Bg3 d6 17. Kd3 Bf5+ 18. e4 Be6 19. Nc7+ Kd7 20. Nxe6 fxe6
21. Nf3 a6 22. Be2 b5 23. Rxa1 b4 24. b3 h6 25. Nd4 a5 26. Bg4 Ke7 27. Nxe6 g6
28. Nxc5 dxc5 29. Rd1 h5 30. Be5 Rd8+ 31. Ke3 Ra8 32. Bd7 a4 33. Bxa4 g5 34. Rd5
g4 35. Rxc5 h4 36. Rd5 Ke6 37. c5 Rc8 38. c6 g3 39. fxg3 h3 40. gxh3 1-0

[Event "Challenge"]
[Site "http://www.queenalice.com/game.php?id=96976"]
[Date "2006.8.18"]
[Round "-"]
[White "socioa22"]
[Black "hulk"]
[Result "1-0"]
[WhiteElo "1638"]
[BlackElo "1598"]

1. e4 e5 2. Nf3 Nf6 3. Nc3 Nc6 4. Bc4 h6 5. O-O Bc5 6. d3 Ng4 7. h3 Nxf2 8. Rxf2
Qf6 9. Qf1 Nb4 10. Kh1 Nxc2 11. Rxc2 c6 12. Bd2 b5 13. Bb3 d6 14. a4 b4 15. Ne2
Ba6 16. Bc4 b3 17. Rcc1 Bxc4 18. dxc4 O-O 19. Nh2 Qg6 20. Qf3 f5 21. Qg3 Qh5 22.
Ng1 Bd4 23. Bc3 fxe4 24. Bxd4 exd4 25. Rf1 e3 26. Rxf8+ Rxf8 27. Ng4 Qf5 28.
Qxd6 h5 29. Nh2 d3 30. Qxc6 e2 31. Nhf3 g5 32. Qh6 g4 33. hxg4 hxg4 34. Nd2 Rf6
35. Qe3 Qh5+ 36. Nh3 gxh3 37. Qxh3 Qg5 38. Qxd3 Rf2 39. Rg1 Qh6+ 40. Qh3 Qxd2
41. Qg3+ Kh7 42. Qxf2 Qxb2 43. Re1 Qc2 44. Qxe2 Qc3 45. Qe3 Qxc4 46. Qe4+ Qxe4
47. Rxe4 Kg6 48. Re2 Kf5 49. Kg1 Kf4 50. Kf1 Kg3 51. Ke1 Kh2 52. g4+ Kg3 53. g5
Kf4 54. g6 1-0

[Event "Challenge"]
[Site "http://www.queenalice.com/game.php?id=98943"]
[Date "2006.8.24"]
[Round "-"]
[White "oilman58"]
[Black "hulk"]
[Result "1-0"]
[WhiteElo "1546"]
[BlackElo "1591"]

1. b4 e5 2. b5 Bc5 3. e4 Qf6 4. Nf3 c6 5. a4 a6 6. c4 d5 7. d3 axb5 8. cxb5 cxb5
9. a5 dxe4 10. dxe4 b6 11. Bxb5+ Nd7 12. Bg5 Bb4+ 13. Nbd2 Qd6 14. O-O bxa5 15.
Nc4 Qc5 16. Bd2 Qxb5 17. Bxb4 Qxb4 18. Ncxe5 Nxe5 19. Nxe5 Qxe4 20. Re1 Qf5 21.
Nc6+ Be6 22. Re5 Qf4 23. Raxa5 Rc8 24. g3 Qh6 25. f4 Rxc6 26. Ra8+ Ke7 27. Qd8#
1-0

[Event "AUTO-INT-147"]
[Site "http://www.queenalice.com/game.php?id=99198"]
[Date "2006.8.24"]
[Round "1"]
[White "rmulkey"]
[Black "hulk"]
[Result "0-1"]
[WhiteElo "1171"]
[BlackElo "1573"]

1. e4 e5 2. Nf3 Nf6 3. Nxe5 Nc6 4. f4 Bc5 5. c4 Nxe4 6. Qg4 Nf2 7. Qxg7 Rf8 8.
Rg1 Bd4 9. Nd3 Bxg7 10. Kxf2 Bd4+ 0-1

[Event "AUTO-INT-147"]
[Site "http://www.queenalice.com/game.php?id=99212"]
[Date "2006.8.24"]
[Round "1"]
[White "braun_howard"]
[Black "hulk"]
[Result "0-1"]
[WhiteElo "1503"]
[BlackElo "1561"]

1. e4 e5 2. Nf3 Nf6 3. Nc3 d5 4. Nxe5 c6 5. Bd3 d4 6. Na4 Bd6 7. f4 Bxe5 8. fxe5
Ng4 9. c3 Nxe5 10. Qh5 Nxd3+ 11. Ke2 Nf4+ 12. Kd1 Nxh5 13. Re1 Bg4+ 14. Kc2 d3+
15. Kb3 Be6+ 16. c4 Nf4 17. g3 Ng2 18. Rf1 b5 19. Nc5 Bxc4+ 20. Kb4 a5+ 21. Kc3
Qd6 22. Rf5 O-O 23. b3 g6 24. Nb7 Qb4+ 25. Kb2 Ne1 26. Rc5 Be6 27. Rb1 a4 28.
Ka1 a3 0-1

[Event "AUTO-INT-147"]
[Site "http://www.queenalice.com/game.php?id=99213"]
[Date "2006.8.24"]
[Round "1"]
[White "hulk"]
[Black "braun_howard"]
[Result "1-0"]
[WhiteElo "1575"]
[BlackElo "1489"]

1. e4 e5 2. Bc4 Nc6 3. Qf3 Nh6 4. d3 f6 5. Nc3 Nd4 6. Qd1 d6 7. b3 Be6 8. Bxe6
Nxe6 9. Nd5 c6 10. Nb4 a5 11. Nd5 cxd5 12. exd5 Nf4 13. Nf3 Nxg2+ 14. Kf1 Nf4
15. d4 Qd7 16. c4 Qg4 17. Bxf4 Qxf4 18. h3 exd4 19. Nxd4 Nf5 20. Ne6 Ng3+ 21.
Kg2 Qe5 22. Nc7+ Kd7 23. Nxa8 Ne2 24. Re1 Qe4+ 25. f3 Nf4+ 26. Kg3 Nh5+ 27. Kf2
Qh4+ 28. Ke3 Qf4+ 29. Kd3 Qf5+ 30. Ke3 1-0

[Event "AUTO-INT-147"]
[Site "http://www.queenalice.com/game.php?id=99220"]
[Date "2006.8.24"]
[Round "1"]
[White "CampbellMarcel"]
[Black "hulk"]
[Result "1-0"]
[WhiteElo "1617"]
[BlackElo "1575"]

1. e4 e5 2. Be2 Bc5 3. Nf3 Nf6 4. O-O Nh5 5. Nxe5 Qf6 6. Nxf7 Qxf7 7. Bxh5 g6 8.
Bf3 Nc6 9. a3 Ne5 10. d4 Nxf3+ 11. Qxf3 Bxd4 12. Qxf7+ Kxf7 13. c3 Be5 14. f4
Bd6 15. e5 Bc5+ 16. Kh1 d5 17. b4 Be7 18. Be3 Bg4 19. h3 Be2 20. Re1 Bd3 21. Nd2
Bh4 22. Rg1 Ke6 23. Nb3 b6 24. Nd4+ Kd7 25. g3 Be7 26. Rgd1 Be4+ 27. Kh2 Rac8
28. Nb5 Ra8 29. Bd4 Bc2 30. Rd2 Ba4 31. e6+ Kc6 32. Bxh8 Bxb5 33. Be5 h6 34. a4
Bc4 35. b5+ Kb7 36. g4 Rd8 37. f5 gxf5 38. gxf5 h5 39. f6 Bd6 40. Bxd6 Rxd6 41.
Re1 d4 42. Rxd4 Rxd4 43. cxd4 a6 44. e7 Bf7 45. e8=Q Bxe8 46. Rxe8 axb5 47. axb5
c6 48. f7 cxb5 49. f8=Q Kc6 50. Rc8+ Kd5 51. Qd8+ Ke4 52. Qxb6 1-0

[Event "AUTO-INT-147"]
[Site "http://www.queenalice.com/game.php?id=99221"]
[Date "2006.8.24"]
[Round "1"]
[White "hulk"]
[Black "CampbellMarcel"]
[Result "1-0"]
[WhiteElo "1588"]
[BlackElo "1437"]

1. e4 e5 2. Bc4 Nf6 3. Qf3 Be7 4. Bxf7+ Kxf7 5. Nh3 h6 6. Nc3 c6 7. O-O d6 8. d3
Rf8 9. Ne2 Bg4 10. Qe3 Bxh3 11. Qxh3 Kg8 12. Ng3 d5 13. Nf5 Nh7 14. Qg4 Bg5 15.
Bxg5 Nxg5 16. Qh5 dxe4 17. Qg6 Rf6 18. Qxg7# 1-0

[Event "Let's Play Chess!"]
[Site "http://www.queenalice.com/game.php?id=116501"]
[Date "2006.10.13"]
[Round "-"]
[White "hulk"]
[Black "jsh272"]
[Result "0-1"]
[WhiteElo "1588"]
[BlackElo "1552"]

1. e4 e5 2. Bc4 Nf6 3. Nc3 Bb4 4. a3 Bxc3 5. dxc3 Nxe4 6. Qf3 d5 7. Bb3 c6 8. c4
Be6 9. Ne2 Nc5 10. cxd5 cxd5 11. a4 e4 12. Qg3 Nxb3 13. cxb3 d4 14. Qxg7 Ke7 15.
Bg5+ Kd7 16. Bxd8 Rxd8 17. Qxd4+ Ke7 18. Qxe4 Nc6 19. Qxh7 Ne5 20. O-O Bxb3 21.
Nf4 Rd4 22. Qf5 Rg8 23. Rfe1 f6 24. Qe6+ Bxe6 25. a5 Nf3+ 26. Kf1 Nxh2+ 27. Kg1
Nf3+ 28. Kf1 Nd2+ 29. Kg1 Rxf4 30. Re3 Kf7 0-1